The bias toward intentionality in schizophrenia: Automaticity, context, and relationship to symptoms and functioning / (Record no. 361846)
[ view plain ]
| 000 -LEADER | |
|---|---|
| fixed length control field | 00730nam a2200193Ia 4500 |
| 008 - FIXED-LENGTH DATA ELEMENTS--GENERAL INFORMATION | |
| fixed length control field | 190511s9999 xx 000 0 und d |
| 100 ## - MAIN ENTRY--PERSONAL NAME | |
| Personal name | Buck, Benjamin |
| 245 #4 - TITLE STATEMENT | |
| Title | The bias toward intentionality in schizophrenia: Automaticity, context, and relationship to symptoms and functioning / |
| 245 ## - TITLE STATEMENT | |
| Statement of responsibility, etc | Benjamin Buck, Neil R. Hester, Amy Pinkham, Philip D. Harvey, L. Fredrik Jarskog, and David L. Penn.-- |
| 260 ## - PUBLICATION, DISTRIBUTION, ETC. (IMPRINT) | |
| Name of publisher, distributor, etc | American Psychological Association |
| 260 ## - PUBLICATION, DISTRIBUTION, ETC. (IMPRINT) | |
| Date of publication, distribution, etc | 2018 |
| 300 ## - PHYSICAL DESCRIPTION | |
| Extent | Pages 503-512, July 2018 |
| 440 ## - SERIES STATEMENT/ADDED ENTRY--TITLE | |
| Title | Journal of Abnormal Psychology |
| Volume number/sequential designation | 127(5) |
| 650 ## - SUBJECT ADDED ENTRY--TOPICAL TERM | |
| Topical term or geographic name as entry element | Functioning |
| 650 ## - SUBJECT ADDED ENTRY--TOPICAL TERM | |
| Topical term or geographic name as entry element | Psychometrics |
| 650 ## - SUBJECT ADDED ENTRY--TOPICAL TERM | |
| Topical term or geographic name as entry element | Schizophrenia |
| 650 ## - SUBJECT ADDED ENTRY--TOPICAL TERM | |
| Topical term or geographic name as entry element | Social cognition |
| 856 ## - ELECTRONIC LOCATION AND ACCESS | |
| Uniform Resource Identifier | <a href="www.apa.org/pubs/journals/abn">www.apa.org/pubs/journals/abn</a> |
| Withdrawn status | Lost status | Damaged status | Home library | Current library | Date acquired | Total Checkouts | Date last seen | Price effective from | Koha item type |
|---|---|---|---|---|---|---|---|---|---|
| College Library | College Library | 05/11/2019 | 05/11/2019 | 05/11/2019 | Periodicals |